00567nam a22001457a 4500003000400000005001700004008004100021040001400062100001900076245015000095260000900245300002900254500010600283504003200389OSt20171010095507.0120810t xxu||||| |||| 00| 0 eng d aMMSUcULS aGarces, Len R. aNatural diet, feeding and growth in captivity of the spiny lobster, Panulirus longipes (A.Milne-Edwards) (Decapoda: Palinuridae) cLen R. Garces  c1988 aviii, 61 leaves c28 cm. aThesis (MS Marine Biology) -- University of the Philippines-College of Science, Diliman, Quezon City  aBibliography: leaves 26-28